Cấu trúc tiếng Pháp = Structures syntaxiques du francais

محفوظ في:
التفاصيل البيبلوغرافية
المؤلف الرئيسي: Phạm Quang Trường
التنسيق: كتاب
اللغة:Undetermined
منشور في: Hà Nội Giáo Dục 1995
الموضوعات:
الوسوم: إضافة وسم
لا توجد وسوم, كن أول من يضع وسما على هذه التسجيلة!
Thư viện lưu trữ: Trung tâm Học liệu Trường Đại học Cần Thơ
LEADER 00529nam a2200181Ia 4500
001 CTU_522
008 210402s9999 xx 000 0 und d
082 |a 445 
082 |b Tr561 
100 |a Phạm Quang Trường 
245 0 |a Cấu trúc tiếng Pháp 
245 0 |b = Structures syntaxiques du francais 
245 0 |c Phạm Quang Trường 
260 |a Hà Nội 
260 |b Giáo Dục 
260 |c 1995 
650 |a french language - syntax 
980 |a Trung tâm Học liệu Trường Đại học Cần Thơ